| 000 | 00601nam a2200205Ia 4500 | ||
|---|---|---|---|
| 001 | 4969 | ||
| 003 | GE_BSU | ||
| 008 | 181216s||||||||xx |||||||||||||| ||und|| | ||
| 040 | _cGE_BSU | ||
| 080 | _a517.77 | ||
| 100 | _aБляшке, В. | ||
| 245 | _aВведение в геометрию тканей. | ||
| 245 | _cПод ред. И.М. Яглома. Пер.с немецкого М.А. Акивиса. | ||
| 260 | _aМосква | ||
| 260 | _bГосиздат | ||
| 260 | _c1959 | ||
| 300 | _a143 с. 20 см. | ||
| 653 | _aВведение в геометрию тканей. | ||
| 942 | _cBK | ||
| 999 |
_c38705 _d38705 |
||